000 00341 a2200157 4500
260 _aParis
260 _bMasson
250 _a2ème éd.
245 _aNutrition et alimentation
100 _aJacotot, B.
700 _aLeparco, J. C.
260 _c1992
300 _a311 p.
999 _c18114
_d18114